Maryland Fun Facts Quiz Stats

 Plays Quiz not verified by Sporcle

Challenge
Share
Tweet
Embed
Score 0/10 Timer 09:00
0 Plays Today
Question Answer % Correct
What is Maryland's capital? Annapolis
100%
What is Maryland's biggest city?Baltimore
97.1%
What famous writer/poet is responsible for the name of Maryland's NFL team?Edgar Allan Poe
68.6%
What is the Maryland state flower?Blackeyed Susan
65.7%
What is Maryland's state nickname?The Old Line State
65.7%
What is Maryland's state sport?Jousting
60%
What numer state was Maryland to ratify the constitution?7th
54.3%
What is Maryland's min wage as of 5/30/168.25
25.7%
What is Maryland's state animal?Blue Crab
20%
Who was the state of Maryland named after?Henrietta Maria
20%

You're not logged in!

Compare scores with friends on all Sporcle quizzes.
Join for Free
OR
Log In

You Might Also Like...

Show Comments

Extras

Created May 31, 2016ReportNominate
Tags:maryland

Top Quizzes Today


Score Distribution

Your Account Isn't Verified!

In order to create a playlist on Sporcle, you need to verify the email address you used during registration. Go to your Sporcle Settings to finish the process.

Report this User

Report this user for behavior that violates our Community Guidelines.

Details: